000 00396nam a22001697a 4500
005 20160627092025.0
008 160627b xxu||||| |||| 00| 0 eng d
020 _a81-2970806-X
041 _aeng
082 _b10324
100 _aShenkar Oded
_92030
245 _aThe Chinese Century
260 _aDelhi
_bPearson Education
_c2005
300 _a176
650 _aManagement
_9241
942 _cBK
999 _c4097
_d4096